Catalog

Record Details

Catalog Search



Allegiant #3 [CD/sound recording] / Veronica Roth.

Roth, Veronica.(Author).
Galvin, Emma.(Narrator). Stanford, Aaron.(Narrator).

Available copies

  • 1 of 1 copy available at LARL/NWRL Consortium. (Show)
  • 1 of 1 copy available at Northwest Regional Library.

Current holds

0 current holds with 1 total copy.

Show Only Available Copies
Location Call Number / Copy Notes Barcode Shelving Location Status Due Date
Godel Memorial-Warren Library BOOK-ON-CD ya ROT (Text) 35500005255276 Main Available -

Record details

  • ISBN: 9780062286482
  • ISBN: 006228648X
  • Physical Description: 11 sound discs (12 hr., 30 min.) : digital ; 4 3/4 ... Read More
  • Edition: Unabridged.
  • Publisher: New York : Harper Audio ; p2013.

Content descriptions

General Note:
Compact disc.
Title from container.
In container (17 cm.).
Sequel to: Insurgent.
Participant or Performer Note:
Narrated by Emma Galvin and Aaron Stanford.
Summary, etc.:
The faction-based society that Tris Prior once ... Read More
Subject: Dystopias > Juvenile fiction.
Identity (Philosophical concept) > Juvenile fiction.
Families > Juvenile fiction.
Courage > Juvenile fiction.
Social classes > Juvenile fiction.
Loyalty > Juvenile fiction.
Dystopias > Fiction.
Social classes > Fiction.
Loyalty > Fiction.
Science fiction.
Genre: Science fiction.
Young adult fiction.
Children's audiobooks.
LDR 03081cim a2200613Ma 4500
001160141
003LARL_NWRL_CONSORTIUM
00520140619160022.0
007sd fungnnmmned
008131125s2013 nyunnnnd f n eng d
020 . ‡a9780062286482
020 . ‡a006228648X
02802. ‡aDD10262 ‡bRecorded Books
035 . ‡a(OCoLC)864355276
08204. ‡a[Fic] ‡223
1001 . ‡aRoth, Veronica. ‡0(LARL_NWRL_CONSORTIUM)222625
24510. ‡aAllegiant ‡n#3 ‡h[CD/sound recording] / ‡cVeronica Roth.
250 . ‡aUnabridged.
260 . ‡aNew York : ‡bHarper Audio ; ‡aPrince Frederick, MD : ‡bDistributed by Recorded Books, ‡cp2013.
300 . ‡a11 sound discs (12 hr., 30 min.) : ‡bdigital ; ‡c4 3/4 in.
4900 . ‡aDivergent trilogy ; ‡v3
500 . ‡aCompact disc.
500 . ‡aTitle from container.
5110 . ‡aNarrated by Emma Galvin and Aaron Stanford.
500 . ‡aIn container (17 cm.).
500 . ‡aSequel to: Insurgent.
520 . ‡aThe faction-based society that Tris Prior once believed in is shattered--fractured by violence and power struggles and scarred by loss and betrayal. So when offered a chance to explore the world past the limits she's known, Tris is ready. Perhaps beyond the fence, she and Tobias will find a simple new life together, free from complicated lies, tangled loyalties, and painful memories. But Tris's new reality is even more alarming than the one she left behind. Old discoveries are quickly rendered meaningless. Explosive new truths change the hearts of those she loves. And once again, Tris must battle to comprehend the complexities of human nature--and of herself--while facing impossible choices about courage, allegiance, sacrifice and love.
650 0. ‡aDystopias ‡vJuvenile fiction.
650 0. ‡aIdentity (Philosophical concept) ‡vJuvenile fiction.
650 0. ‡aFamilies ‡vJuvenile fiction. ‡0(LARL_NWRL_CONSORTIUM)164956
650 0. ‡aCourage ‡vJuvenile fiction. ‡0(LARL_NWRL_CONSORTIUM)171693
650 0. ‡aSocial classes ‡vJuvenile fiction.
650 0. ‡aLoyalty ‡vJuvenile fiction.
650 1. ‡aDystopias ‡vFiction.
650 1. ‡aSocial classes ‡vFiction. ‡0(LARL_NWRL_CONSORTIUM)167306
650 1. ‡aLoyalty ‡vFiction.
650 1. ‡aScience fiction. ‡0(LARL_NWRL_CONSORTIUM)30394
655 0. ‡aScience fiction.
655 0. ‡aYoung adult fiction.
655 7. ‡aChildren's audiobooks. ‡2lcgft ‡0(LARL_NWRL_CONSORTIUM)175844
7001 . ‡aGalvin, Emma. ‡4nrt ‡0(LARL_NWRL_CONSORTIUM)216882
7001 . ‡aStanford, Aaron. ‡4nrt ‡0(LARL_NWRL_CONSORTIUM)211253
901 . ‡a160141 ‡bOCLC ‡c160141 ‡tbiblio

Additional Resources